000 00271nam a2200109 4500
999 _c10895
_d10895
003 OSt
005 20221021140423.0
008 221021b ||||| |||| 00| 0 eng d
245 _aIndian standards 3 civil engineering
260 _bBureau of Indian standards
942 _2ddc